Moving on (Record no. 574)

MARC details
000 -LEADER
fixed length control field 00404 a2200169 4500
001 - CONTROL NUMBER
control field 066529
003 - CONTROL NUMBER IDENTIFIER
control field OSt
005 - DATE AND TIME OF LATEST TRANSACTION
control field 20211001103829.0
008 - FIXED-LENGTH DATA ELEMENTS--GENERAL INFORMATION
fixed length control field
082 ## - DEWEY DECIMAL CLASSIFICATION NUMBER
Classification number 823
Item number D45M
100 1# - MAIN ENTRY--PERSONAL NAME
Personal name Deshpandey, Shashi
245 1# - TITLE STATEMENT
Title Moving on
Statement of responsibility, etc by Shashi Deshpandey
260 ## - PUBLICATION, DISTRIBUTION, ETC. (IMPRINT)
Place of publication, distribution, etc New Delhi
Name of publisher, distributor, etc Penguin
Date of publication, distribution, etc 2008
300 ## - PHYSICAL DESCRIPTION
Extent 343p.
690 ## - LOCAL SUBJECT ADDED ENTRY--TOPICAL TERM (OCLC, RLIN)
Topical term or geographic name as entry element Indic fiction (English)
942 ## - ADDED ENTRY ELEMENTS (KOHA)
Source of classification or shelving scheme Dewey Decimal Classification
Koha item type Books
Holdings
Withdrawn status Lost status Source of classification or shelving scheme Damaged status Not for loan Collection code Home library Current library Date acquired Source of acquisition Cost, normal purchase price Total Checkouts Full call number Barcode Date last seen Date checked out Price effective from Koha item type
    Dewey Decimal Classification     General Text Book Central University Of Rajasthan Central University Of Rajasthan 07/03/2012 ENG 350.00 2 823 D45M 815 08/08/2025 29/07/2025 02/09/2020 Books